Normal view
MARC view
- Zain Pervaiz, Mahmoodul Hassan, Muhammad Ali
Entry Personal Name
001 - CONTROL NUMBER
- control field: 92580
003 - CONTROL NUMBER IDENTIFIER
- control field: NUST
005 - DATE AND TIME OF LATEST TRANSACTION
- control field: 20220703193513.0
008 - FIXED-LENGTH DATA ELEMENTS
- fixed length control field: 220703|| aca||aabn | a|a d
040 ## - CATALOGING SOURCE
- Original cataloging agency: NUST
- Transcribing agency: NUST
100 ## - HEADING--PERSONAL NAME
- Personal name: Zain Pervaiz, Mahmoodul Hassan, Muhammad Ali
670 ## - SOURCE DATA FOUND
- Source citation: Work cat.: (NUST)10570: Zain Pervaiz, Mahmoodul Hassan, Muhammad Ali, Smart greeting robot [project report BEE-4), 2011.
